| 000 | 00467nam a22001697a 4500 | ||
|---|---|---|---|
| 003 | SGT | ||
| 020 | _a9789390020560 | ||
| 082 |
_a610 _bH21G |
||
| 100 | _aGUPTA, SHAKTI KUMAR | ||
| 245 | _aA HB. ON HOUSEKEEPING & DISINFECTION PRACTICE FOR HEALTH CARE FACILITIES | ||
| 250 | _a1ST | ||
| 260 |
_aINDIA _bJAYPEE PUB _c2021 |
||
| 300 | _a218 | ||
| 650 | _aMEDICAL BOOKS | ||
| 653 |
_aHOUSEKEEPING & DISINFECTION PRACTICE _aHEALTH CARE FACILITIES |
||
| 942 |
_2ddc _cBK |
||
| 999 |
_c33559 _d33559 |
||